[Event "WYCC U16 Open 2013"]
[Site "Al-Ain UAE"]
[Date "2013.12.26"]
[Round "9.6"]
[White "Das, Sayantan"]
[Black "Wang, Yiye"]
[Result "0-1"]
[WhiteTitle "IM"]
[WhiteElo "2377"]
[BlackElo "2408"]
[WhiteFideId "5034426"]
[BlackFideId "8606021"]
[EventDate "2013.12.18"]

1. e4 e6 2. d4 d5 3. Nc3 Bb4 4. e5 c5 5. a3 Bxc3+ 6. bxc3 Ne7 7. Nf3 Qc7 8. h4
Nbc6 9. h5 h6 10. Bf4 Bd7 11. Be2 Qa5 12. Bd2 c4 13. Qc1 Qa4 14. O-O O-O-O 15.
Nh2 Rdf8 0-1

[Event "WYCC U16 Open 2013"]
[Site "Al-Ain UAE"]
[Date "2013.12.26"]
[Round "9.7"]
[White "Mosadeghpour, Masoud"]
[Black "Vorontsov, Pavlo"]
[Result "1-0"]
[BlackTitle "FM"]
[WhiteElo "2230"]
[BlackElo "2392"]
[WhiteFideId "12519278"]
[BlackFideId "14116367"]
[EventDate "2013.12.18"]

1. e4 c5 2. d4 cxd4 3. c3 d3 4. Bxd3 Nc6 5. Nf3 d6 6. O-O g6 7. Qe2 Bg7 8. Rd1
Bg4 9. Bf4 Nf6 10. Nbd2 O-O 11. h3 Bxf3 12. Nxf3 Nd7 13. Bc4 Qc7 14. Bd5 Nce5 1-0

[Event "WYCC U16 Open 2013"]
[Site "Al-Ain UAE"]
[Date "2013.12.26"]
[Round "9.8"]
[White "Bluebaum, Matthias"]
[Black "Kourkoulos-Arditis, Stamatis"]
[Result "1-0"]
[WhiteTitle "IM"]
[WhiteElo "2529"]
[BlackElo "2297"]
[WhiteFideId "24651516"]
[BlackFideId "4221990"]
[EventDate "2013.12.18"]

1. d4 Nf6 2. c4 e6 3. Nf3 b6 4. g3 Ba6 5. b3 Bb7 6. Bg2 Bb4+ 7. Bd2 a5 8. O-O
O-O 9. Qc2 d6 10. Bc3 Nbd7 11. a3 Bxc3 12. Nxc3 Re8 13. e4 e5 14. Rad1 Qe7 15.
Rfe1 g6 16. Nd5 Nxd5 17. cxd5 Rac8 18. dxe5 dxe5 19. Bh3 Qd6 1-0

[Event "WYCC U16 Open 2013"]
[Site "Al-Ain UAE"]
[Date "2013.12.26"]
[Round "9.9"]
[White "Ali Marandi, Cemil Can"]
[Black "Salomon, Johan"]
[Result "0-1"]
[WhiteTitle "IM"]
[WhiteElo "2391"]
[BlackElo "2269"]
[WhiteFideId "6300529"]
[BlackFideId "1509500"]
[EventDate "2013.12.18"]

1. e4 e5 2. Nf3 Nc6 3. Bb5 Nf6 4. O-O Nxe4 5. d4 Nd6 6. Bxc6 dxc6 7. dxe5 Nf5 8.
Qxd8+ Kxd8 9. Rd1+ Ke8 10. Nc3 h6 11. b3 Be6 12. Bb2 Be7 13. Ne2 g5 14. Nfd4
Nxd4 15. Nxd4 Rd8 16. Kf1 Bc5 17. Nxe6 fxe6 18. Ke2 Kf7 19. f3 Be7 20. Rxd8 Rxd8
21. Rd1 Rd5 22. g4 0-1

[Event "WYCC U16 Open 2013"]
[Site "Al-Ain UAE"]
[Date "2013.12.26"]
[Round "9.10"]
[White "Tran, Tuan Minh"]
[Black "Harutyunian, Tigran K."]
[Result "1/2-1/2"]
[WhiteTitle "FM"]
[BlackTitle "FM"]
[WhiteElo "2330"]
[BlackElo "2390"]
[WhiteFideId "12401820"]
[BlackFideId "13303635"]
[EventDate "2013.12.18"]

1. d4 d5 2. c4 e6 3. Nf3 Nf6 4. g3 Bb4+ 5. Bd2 Be7 6. Bg2 O-O 7. Qc2 c6 8. O-O
b6 9. Nc3 Ba6 10. cxd5 cxd5 11. Ne5 Nfd7 12. f4 Nxe5 13. fxe5 Nc6 14. Be3 1/2-1/2

[Event "WYCC U16 Open 2013"]
[Site "Al-Ain UAE"]
[Date "2013.12.26"]
[Round "9.11"]
[White "Akhmetov, Ayan"]
[Black "Sultan, Ibrahim"]
[Result "1-0"]
[WhiteElo "2382"]
[BlackElo "1954"]
[WhiteFideId "13703706"]
[BlackFideId "9301143"]
[EventDate "2013.12.18"]

1. e4 e6 2. d4 d5 3. e5 c5 4. c3 Nc6 5. Ne2 Qb6 6. g3 cxd4 7. cxd4 f6 8. exf6
Nxf6 9. Bg2 Bd6 10. O-O O-O 11. Nbc3 Kh8 12. Na4 Qc7 13. Bf4 e5 14. dxe5 Nxe5
15. Rc1 Qf7 16. Qd4 Qh5 17. f3 1-0

[Event "WYCC U16 Open 2013"]
[Site "Al-Ain UAE"]
[Date "2013.12.26"]
[Round "9.12"]
[White "Sardana, Rishi"]
[Black "Azarya, Jodi Setyaki"]
[Result "0-1"]
[BlackTitle "CM"]
[WhiteElo "2373"]
[BlackElo "2112"]
[WhiteFideId "25004301"]
[BlackFideId "7101589"]
[EventDate "2013.12.18"]

1. e4 c6 2. d4 g6 3. Nf3 Bg7 4. Bd3 d5 5. exd5 cxd5 6. c3 Nc6 7. Bf4 Nh6 8. O-O
O-O 9. Re1 f6 10. Bxh6 Bxh6 11. c4 Kh8 12. cxd5 Qxd5 13. Nc3 Qd6 14. d5 Nb4 0-1

[Event "WYCC U16 Open 2013"]
[Site "Al-Ain UAE"]
[Date "2013.12.26"]
[Round "9.14"]
[White "Khodashenas, Mersad"]
[Black "Saiyn, Zhanat"]
[Result "1/2-1/2"]
[BlackTitle "FM"]
[WhiteElo "2182"]
[BlackElo "2360"]
[WhiteFideId "12514195"]
[BlackFideId "13703820"]
[EventDate "2013.12.18"]

1. e4 c5 2. Nf3 e6 3. d4 cxd4 4. Nxd4 Nc6 5. Nc3 Qc7 6. f4 a6 7. Nxc6 bxc6 8. e5
d6 9. exd6 Bxd6 10. Qf3 Nf6 11. Bd3 Bb7 12. Ne4 Be7 13. Nxf6+ Bxf6 14. Be4 Bh4+
15. g3 1/2-1/2

[Event "WYCC U16 Open 2013"]
[Site "Al-Ain UAE"]
[Date "2013.12.26"]
[Round "9.15"]
[White "Wagner, Dennis"]
[Black "Nuri, Murad"]
[Result "1-0"]
[WhiteTitle "IM"]
[WhiteElo "2467"]
[BlackElo "2250"]
[WhiteFideId "24650684"]
[BlackFideId "13404474"]
[EventDate "2013.12.18"]

1. Nf3 Nf6 2. c4 g6 3. Nc3 Bg7 4. e4 d6 5. d4 O-O 6. Be2 c5 7. O-O cxd4 8. Nxd4
Nc6 9. Be3 Nxd4 10. Bxd4 Bd7 11. Qd3 Bc6 12. b4 b6 13. f4 Nd7 14. Bxg7 Kxg7 15.
Rad1 1-0

[Event "WYCC U16 Open 2013"]
[Site "Al-Ain UAE"]
[Date "2013.12.26"]
[Round "9.17"]
[White "Toma, Radu-Cristian"]
[Black "Repka, Christopher"]
[Result "1-0"]
[WhiteElo "2245"]
[BlackElo "2391"]
[WhiteFideId "1217992"]
[BlackFideId "14918781"]
[EventDate "2013.12.18"]

1. d4 e6 2. Nf3 Nf6 3. c4 b6 4. g3 Ba6 5. Qc2 Bb7 6. Bg2 c5 7. O-O Nc6 8. dxc5
Bxc5 9. a3 O-O 10. Nc3 Be7 11. b4 Rc8 12. Rd1 d6 13. Bf4 a6 14. Rac1 Nb8 15. Qb3
Nh5 16. Be3 Nd7 1-0

[Event "WYCC U16 Open 2013"]
[Site "Al-Ain UAE"]
[Date "2013.12.26"]
[Round "9.18"]
[White "Hua, David A"]
[Black "Bodek, Michael H"]
[Result "0-1"]
[BlackTitle "FM"]
[WhiteElo "2229"]
[BlackElo "2382"]
[WhiteFideId "2030047"]
[BlackFideId "2043858"]
[EventDate "2013.12.18"]

1. d4 g6 2. e4 Bg7 3. Nc3 c6 4. f4 d5 5. e5 Qb6 6. Be2 Nh6 7. Nf3 Bg4 8. O-O Nd7
9. Na4 Qa5 10. b3 b5 11. Nb2 Nf5 12. c4 bxc4 13. bxc4 O-O 14. h3 Bxf3 15. Rxf3 0-1

[Event "WYCC U16 Open 2013"]
[Site "Al-Ain UAE"]
[Date "2013.12.26"]
[Round "9.19"]
[White "Eggink, Ryszard"]
[Black "Lampert, Jonas"]
[Result "1/2-1/2"]
[WhiteElo "2165"]
[BlackElo "2378"]
[WhiteFideId "1125869"]
[BlackFideId "1303759"]
[EventDate "2013.12.18"]

1. d4 d5 2. c4 c6 3. Nf3 Nf6 4. Nc3 e6 5. e3 Nbd7 6. Qc2 Bd6 7. Bd3 O-O 8. O-O
dxc4 9. Bxc4 b5 10. Bd3 Bb7 11. a3 Rc8 12. h3 c5 13. Nxb5 cxd4 14. Qe2 Ne5 1/2-1/2

[Event "WYCC U16 Open 2013"]
[Site "Al-Ain UAE"]
[Date "2013.12.26"]
[Round "9.20"]
[White "Kumsiashvili, Nikoloz"]
[Black "Faizrakhmanov, Ramil"]
[Result "1-0"]
[BlackTitle "FM"]
[WhiteElo "2126"]
[BlackElo "2357"]
[WhiteFideId "13600621"]
[BlackFideId "24103209"]
[EventDate "2013.12.18"]

1. d4 Nf6 2. c4 e6 3. Nf3 d5 4. Nc3 Be7 5. cxd5 exd5 6. Bg5 c6 7. Qc2 g6 8. e3
Bf5 9. Bd3 Bxd3 10. Qxd3 Nbd7 11. O-O-O b5 12. Nd2 1-0

[Event "WYCC U16 Open 2013"]
[Site "Al-Ain UAE"]
[Date "2013.12.26"]
[Round "9.21"]
[White "Stathopoulos, Ioannis"]
[Black "Sosovicka, Matej"]
[Result "1-0"]
[WhiteTitle "FM"]
[WhiteElo "2297"]
[BlackElo "2098"]
[WhiteFideId "4223098"]
[BlackFideId "14916770"]
[EventDate "2013.12.18"]

1. d4 d5 2. c4 c6 3. Nf3 Nf6 4. Nc3 e6 5. e3 Nbd7 6. Bd3 dxc4 7. Bxc4 b5 8. Bd3
a6 9. e4 c5 10. d5 c4 11. Bc2 Qc7 12. O-O Bb7 13. dxe6 fxe6 14. Ne2 e5 15. Ng3
Rd8 16. Bd2 Bc5 17. b3 c3 18. Bxc3 Bxf2+ 19. Rxf2 Qxc3 20. Ng5 Nc5 21. Qe1 Qxe1+
22. Rxe1 Bc8 23. Nf5 g6 24. Nh6 Rf8 25. Ref1 Ke7 26. b4 Ne6 27. Ngf7 Rd4 28.
Rxf6 Nf4 29. Rc6 Bd7 30. Rc5 Ne2+ 31. Kh1 Be6 32. Bb3 Bxb3 33. axb3 Rxe4 34.
Rc7+ 1-0

[Event "WYCC U16 Open 2013"]
[Site "Al-Ain UAE"]
[Date "2013.12.26"]
[Round "9.22"]
[White "Lamard, Guillaume"]
[Black "Mousavi, Seyed Khalil"]
[Result "1/2-1/2"]
[WhiteTitle "FM"]
[BlackTitle "FM"]
[WhiteElo "2288"]
[BlackElo "2238"]
[WhiteFideId "600261"]
[BlackFideId "12511099"]
[EventDate "2013.12.18"]

1. d4 d5 2. c4 e6 3. Nf3 Nf6 4. Bg5 c6 5. e3 Nbd7 6. cxd5 Qa5+ 7. Nbd2 exd5 8.
a3 Be7 9. Bd3 O-O 10. O-O Re8 11. Qc2 Qd8 12. h3 Nf8 13. Ne5 Ne4 14. Nxe4 dxe4
15. Bc4 Be6 16. Bxe6 Nxe6 17. Bxe7 Qxe7 18. Qxe4 c5 19. Nf3 Nxd4 20. Qxe7 Nxf3+
21. gxf3 Rxe7 22. Rfd1 g6 23. Rd5 Rc8 24. Rad1 Rec7 25. Kf1 Kg7 26. Ke2 c4 27.
Rb5 b6 28. a4 Rc5 29. Rd5 Rxd5 30. Rxd5 c3 31. bxc3 Rxc3 32. Rd7 Rc2+ 33. Kf1 a5
34. Rb7 Rb2 35. Kg2 g5 36. Kg3 Kg6 37. h4 gxh4+ 38. Kxh4 Rxf2 39. Rxb6+ Kg7 40.
Kg4 Ra2 41. e4 Rxa4 42. Ra6 Ra1 43. e5 a4 44. Kf5 a3 45. Ra7 a2 46. f4 h6 47. e6
Re1 48. e7 Rxe7 49. Rxa2 Re6 50. Ra5 Rg6 51. Ke4 Rg3 52. Rb5 Kg6 53. Rb8 Ra3 54.
Rg8+ Kf6 55. Rh8 Ra4+ 56. Kf3 Kg6 57. Kg3 Ra3+ 58. Kg2 Ra6 59. Kf3 Kf5 60. Rh7
Ra3+ 61. Kg2 Kg6 62. Rh8 h5 63. Rg8+ Kf5 64. Rg5+ Kxf4 65. Rxh5 f5 66. Rh4+ Kg5
67. Rb4 Kh5 68. Kf2 Ra2+ 69. Kf3 Kg5 70. Rc4 Rh2 71. Ra4 Rh3+ 72. Kf2 1/2-1/2

[Event "WYCC U16 Open 2013"]
[Site "Al-Ain UAE"]
[Date "2013.12.26"]
[Round "9.23"]
[White "Jarmula, Lukasz"]
[Black "Asgarizadeh, Ahmad"]
[Result "0-1"]
[WhiteElo "2213"]
[BlackElo "2267"]
[WhiteFideId "1160664"]
[BlackFideId "12505684"]
[EventDate "2013.12.18"]

1. d4 d5 2. c4 dxc4 3. e4 Nf6 4. e5 Nd5 5. Bxc4 Nb6 6. Bd3 Nc6 7. Be3 g6 8. Nc3
Nb4 9. Be4 N4d5 10. Qf3 c6 11. h4 h5 12. Nh3 Bg4 13. Qg3 Nxe3 14. fxe3 Bh6 15.
O-O Qd7 16. Nf4 O-O 17. Bc2 Kg7 18. Ne4 Nd5 19. Nxd5 cxd5 20. Nc5 Qb5 21. Ba4
Qxb2 22. e6 Qa3 23. Bb3 f6 24. Rae1 b6 25. Nd7 Rfd8 26. Bxd5 Rac8 27. Qf2 Qd6
28. e4 Bxe6 29. Nxf6 Rf8 30. Bxe6 Qxe6 31. e5 exf6 32. d5 Qxd5 33. exf6+ Kh7 34.
Re7+ Rf7 35. Rxf7+ Qxf7 36. Re1 Rc1 37. Rxc1 Bxc1 38. g4 hxg4 39. h5 Bg5 40.
hxg6+ Kxg6 0-1

[Event "WYCC U16 Open 2013"]
[Site "Al-Ain UAE"]
[Date "2013.12.26"]
[Round "9.24"]
[White "Petr, Jan2"]
[Black "Bellahcene, Bilel"]
[Result "1/2-1/2"]
[BlackTitle "FM"]
[WhiteElo "2151"]
[BlackElo "2311"]
[WhiteFideId "345784"]
[BlackFideId "696358"]
[EventDate "2013.12.18"]

1. e4 c5 2. Nf3 d6 3. Bb5+ Nc6 4. Bxc6+ bxc6 5. O-O e5 6. c3 f5 7. d4 fxe4 8.
Ng5 Bf5 9. dxe5 h6 10. g4 hxg5 11. gxf5 d5 12. Qa4 Qb6 13. Bxg5 Ne7 14. c4 Nxf5
15. cxd5 Nd4 16. Nd2 Qc7 17. dxc6 Be7 18. Bf4 Ne2+ 19. Kh1 Nxf4 20. Qxe4 g5 21.
Nc4 O-O-O 22. Rad1 Rd4 23. Rxd4 cxd4 24. b4 d3 25. a4 Bxb4 26. Rb1 a5 27. Nd6+
Kb8 28. Nb5 Qb6 29. c7+ Kc8 30. Rc1 Rxh2+ 31. Kxh2 Qxf2+ 32. Kh1 Qh4+ 33. Kg1
Qg3+ 34. Kh1 Qh3+ 35. Kg1 Qg3+ 36. Kf1 Qh3+ 37. Kg1 Qg3+ 1/2-1/2

[Event "WYCC U16 Open 2013"]
[Site "Al-Ain UAE"]
[Date "2013.12.26"]
[Round "9.25"]
[White "Machan, Jan"]
[Black "Stremavicius, Titas"]
[Result "1/2-1/2"]
[WhiteElo "2147"]
[BlackElo "2279"]
[WhiteFideId "334774"]
[BlackFideId "12804444"]
[EventDate "2013.12.18"]

1. e4 c5 2. Nf3 Nc6 3. c3 d5 4. exd5 Qxd5 5. d4 e5 6. Nxe5 Nxe5 7. dxe5 Qxe5+ 8.
Qe2 Qxe2+ 9. Bxe2 Bd7 10. O-O O-O-O 11. Na3 Ne7 12. Nb5 Bxb5 13. Bxb5 f6 14. Be2
Nc6 15. Be3 Bd6 16. Rad1 Rhe8 17. Rfe1 Kc7 18. g3 a6 19. Kf1 h6 20. Rd5 Ne7 21.
Rdd1 Nf5 22. Bc1 g5 23. Bh5 Rxe1+ 24. Rxe1 Ng7 25. Bd1 Re8 26. Rxe8 Nxe8 27. Bc2
Ng7 28. Ke2 f5 29. h4 Be7 30. hxg5 hxg5 31. Be3 Kc6 32. Bb1 Bf6 33. Bc2 b5 34.
Kd2 Kd6 35. Ke2 c4 36. a4 Ke6 37. axb5 axb5 38. Bc5 Ne8 39. Kd2 Be5 40. Be3 f4
41. gxf4 Bxf4 42. Bxf4 gxf4 43. Be4 Ke5 44. Bc6 Nc7 45. Ke2 Kd6 46. Be4 Ne6 47.
Kf3 Ke5 48. Bc6 b4 49. Bb5 Ng5+ 50. Kg4 Ne4 51. Bxc4 bxc3 52. bxc3 Nxf2+ 53. Kf3
Ne4 54. Ba6 Nxc3 55. Bb7 Nb5 56. Kf2 Nd6 57. Bc6 Kf5 58. Bd5 Ne8 59. Bf3 Nf6 60.
Kg2 Ke5 61. Kf2 Nd7 62. Bc6 1/2-1/2

[Event "WYCC U16 Open 2013"]
[Site "Al-Ain UAE"]
[Date "2013.12.26"]
[Round "9.26"]
[White "Gorbanovsky, Oleg"]
[Black "Carneiro, Vitor Roberto Castro"]
[Result "1-0"]
[BlackTitle "CM"]
[WhiteElo "2147"]
[BlackElo "2277"]
[WhiteFideId "13903829"]
[BlackFideId "2130106"]
[EventDate "2013.12.18"]

1. e4 c5 2. Nf3 e6 3. b3 Nf6 4. e5 Nd5 5. Bb2 Be7 6. c4 Nc7 7. Nc3 O-O 8. Ne4 f5
9. exf6 gxf6 10. Bd3 f5 11. Ng3 Bf6 12. Bxf6 Qxf6 13. O-O Nc6 14. Ne1 b6 15. f4
Bb7 16. Be2 d5 17. Nf3 Rad8 18. Nh5 Qg6 19. Ng3 dxc4 20. Bxc4 b5 21. Be2 Nd5 22.
Bxb5 Ne3 23. dxe3 Rxd1 24. Raxd1 Nb8 25. Ne5 Qg7 26. Bc4 Qe7 27. Rd2 Kh8 28.
Rfd1 Re8 29. Rd7 Nxd7 30. Rxd7 Qf6 31. Rxb7 a5 32. Bb5 Rc8 33. Be2 a4 34. Nh5
Qf8 35. Bc4 axb3 36. axb3 Ra8 37. Nf7+ Kg8 38. Bxe6 Ra1+ 39. Kf2 Qa8 40. Nd6+
Kh8 41. Nf7+ Kg8 42. Ng5+ 1-0

[Event "WYCC U16 Open 2013"]
[Site "Al-Ain UAE"]
[Date "2013.12.26"]
[Round "9.27"]
[White "Juhasz, Armin"]
[Black "Foo, William J"]
[Result "1-0"]
[WhiteElo "2272"]
[BlackElo "2144"]
[WhiteFideId "724270"]
[BlackFideId "419753"]
[EventDate "2013.12.18"]

1. c4 c6 2. Nf3 d5 3. e3 Nf6 4. Nc3 g6 5. d4 Bg7 6. Be2 O-O 7. O-O b6 8. b3 c5
9. Bb2 dxc4 10. bxc4 cxd4 11. exd4 Nbd7 12. Re1 Bb7 13. Bf1 Re8 14. Rc1 Nf8 15.
Ne5 Ne6 16. d5 Nc5 17. Nb5 Nfd7 18. f4 Bh6 19. Ng4 Bg7 20. Bxg7 Kxg7 21. Qd4+
Nf6 22. Nxf6 exf6 23. Rxe8 Qxe8 24. Nc7 Qd7 25. Nxa8 Bxa8 26. Re1 Bb7 27. Qe3
Qf5 28. Qe8 Qxf4 29. Re7 Qd4+ 30. Kh1 Qf2 31. Rxf7+ Kh6 32. Qe2 Qf4 33. Qf3 1-0

[Event "WYCC U16 Open 2013"]
[Site "Al-Ain UAE"]
[Date "2013.12.26"]
[Round "9.28"]
[White "Tutisani, Noe"]
[Black "Bilguun, Sumiya"]
[Result "1-0"]
[BlackTitle "FM"]
[WhiteElo "2120"]
[BlackElo "2270"]
[WhiteFideId "13602853"]
[BlackFideId "4901541"]
[EventDate "2013.12.18"]

1. e4 c5 2. Nf3 e6 3. d4 cxd4 4. Nxd4 a6 5. Bd3 Qc7 6. O-O Nf6 7. Qe2 d6 8. c4
Nbd7 9. Nc3 b6 10. f4 Bb7 11. f5 e5 12. Nc2 Nc5 13. Bg5 Be7 14. Kh1 Rc8 15. Ne3
Ncxe4 16. Bxe4 Nxe4 17. Ncd5 Bxd5 18. Nxd5 Qxc4 19. Rac1 Qxd5 20. Rxc8+ Kd7 21.
Rxh8 Bxg5 22. Qxa6 Bd8 23. Rc1 Ke7 24. f6+ Kxf6 25. Rf1+ Kg6 26. Rxd8 Qd2 27.
Qxb6 f5 28. Qb3 Kg5 29. Qf3 g6 30. Rf8 Kh6 31. Rb8 d5 32. Qh3+ Kg5 33. Qxh7 Qe3
34. h4+ 1-0

[Event "WYCC U16 Open 2013"]
[Site "Al-Ain UAE"]
[Date "2013.12.26"]
[Round "9.29"]
[White "Reshef, Omer"]
[Black "Rohan, Ahuja"]
[Result "1-0"]
[WhiteElo "2253"]
[BlackElo "2128"]
[WhiteFideId "2804336"]
[BlackFideId "5090598"]
[EventDate "2013.12.18"]

1. e4 e5 2. Nf3 Nc6 3. Nc3 Nf6 4. Bb5 Bc5 5. O-O O-O 6. Nxe5 Nxe5 7. d4 Bd6 8.
f4 Neg4 9. Be2 Bb4 10. Bxg4 Bxc3 11. bxc3 Nxe4 12. Bf3 d5 13. Bxe4 dxe4 14. f5
Re8 15. Be3 Qd5 16. Qh5 g6 17. Qh6 Bxf5 18. Rf4 Qd7 19. Raf1 Be6 20. Rf6 Qe7 21.
d5 Bxd5 22. Bd4 c5 23. Rxf7 Qxf7 24. Rxf7 Kxf7 25. Qg7+ Ke6 26. Qe5+ Kf7 27.
Qf6+ 1-0

[Event "WYCC U16 Open 2013"]
[Site "Al-Ain UAE"]
[Date "2013.12.26"]
[Round "9.30"]
[White "Cortes Orihuela, Javier"]
[Black "Kessler, Luca"]
[Result "1-0"]
[WhiteElo "2131"]
[BlackElo "2249"]
[WhiteFideId "3414329"]
[BlackFideId "1600087"]
[EventDate "2013.12.18"]

1. d4 Nf6 2. c4 e6 3. g3 d5 4. Nf3 dxc4 5. Bg2 Bd7 6. Ne5 Bc6 7. Nxc6 Nxc6 8.
Qa4 Bb4+ 9. Bd2 Nd5 10. Bxb4 Nxb4 11. a3 Nd5 12. Qxc4 Qd7 13. e3 O-O-O 14. O-O
h5 15. Nc3 Nxc3 16. bxc3 Ne7 17. Rfb1 c6 18. Rb2 Qd6 19. Rab1 Rd7 20. Qa4 Kb8
21. Qa6 Qc7 22. c4 Qc8 23. Qa5 Ka8 24. a4 Rc7 25. Qc3 f6 26. a5 a6 27. Rb6 Qd7
28. Qb2 h4 29. gxh4 Qc8 30. f4 Rxh4 31. Qf2 Rh5 32. c5 Nd5 33. R6b3 f5 34. Bf3
Rh8 35. Be2 Qd7 36. Bf1 Rg8 37. Kh1 g5 38. fxg5 Rxg5 39. e4 fxe4 40. Bxa6 1-0

[Event "WYCC U16 Open 2013"]
[Site "Al-Ain UAE"]
[Date "2013.12.26"]
[Round "9.31"]
[White "Lekic, Lazar"]
[Black "Gireman, Ja"]
[Result "0-1"]
[WhiteElo "2071"]
[BlackElo "2248"]
[WhiteFideId "900052"]
[BlackFideId "5043794"]
[EventDate "2013.12.18"]

1. e4 e6 2. d4 d5 3. Nd2 Nc6 4. Ngf3 Nf6 5. e5 Nd7 6. c3 f6 7. Bb5 Be7 8. O-O
O-O 9. Re1 fxe5 10. dxe5 a6 11. Bxc6 bxc6 12. Nd4 Nb8 13. Qg4 Qe8 14. Re3 c5 15.
Rg3 g6 16. Ne2 Nc6 17. f4 Qf7 18. h4 Kh8 19. Rh3 a5 20. Nf3 Ba6 21. Kf2 h5 22.
Qg3 Qf5 23. Bd2 Rab8 24. b3 a4 25. Nc1 c4 26. Nd4 Nxd4 27. cxd4 Qc2 28. Qc3
Rxf4+ 29. Kg1 Qd1+ 30. Kh2 Bb4 0-1

[Event "WYCC U16 Open 2013"]
[Site "Al-Ain UAE"]
[Date "2013.12.26"]
[Round "9.32"]
[White "Wu, Christopher"]
[Black "Ghvamberia, Nika"]
[Result "1/2-1/2"]
[WhiteElo "2198"]
[BlackElo "2086"]
[WhiteFideId "2040875"]
[BlackFideId "13602128"]
[EventDate "2013.12.18"]

1. e4 c5 2. Nf3 e6 3. d4 cxd4 4. Nxd4 a6 5. Bd3 Qc7 6. O-O Nf6 7. Qe2 d6 8. c4
g6 9. Nc3 Bg7 10. Rd1 O-O 11. Nf3 Nfd7 12. Bf4 Bxc3 13. bxc3 e5 14. Bh6 Rd8 15.
Nd2 Nc5 16. Nf1 Be6 17. Ne3 Qe7 18. g3 Nc6 19. Rf1 Rac8 20. f4 exf4 21. gxf4 f6
22. Bc2 Re8 23. Rad1 Nd8 24. f5 Bf7 25. fxg6 hxg6 26. Nf5 gxf5 27. Qg2+ Bg6 28.
exf5 Qh7 29. Bf4 Qh5 30. Rf3 Rc7 31. Bxd6 Rg7 32. fxg6 Ne4 33. Rh3 Qg5 34. Bxe4
Rxe4 35. Rg3 Qh5 36. Rf1 Re6 37. c5 Re2 38. Rf2 Re1+ 39. Rf1 Re2 40. Qh3 Qxh3
41. Rxh3 Rxg6+ 42. Rg3 Rxg3+ 43. Bxg3 Rxa2 44. Rxf6 a5 45. Rg6+ Kf7 46. Rd6 Ne6
47. Rd7+ Kg6 48. Rxb7 Nxc5 49. Rb6+ Kf7 50. Be5 a4 51. c4 Rc2 52. Bd6 Rxc4 1/2-1/2

[Event "WYCC U16 Open 2013"]
[Site "Al-Ain UAE"]
[Date "2013.12.26"]
[Round "9.33"]
[White "Liu, Zhaoqi"]
[Black "Bora, Safal"]
[Result "0-1"]
[WhiteElo "2061"]
[BlackElo "2176"]
[WhiteFideId "8609381"]
[BlackFideId "2066149"]
[EventDate "2013.12.18"]

1. d4 Nf6 2. c4 g6 3. Nc3 d5 4. cxd5 Nxd5 5. Bd2 Bg7 6. e4 Nxc3 7. Bxc3 O-O 8.
Qd2 Nc6 9. d5 Ne5 10. Nf3 Nxf3+ 11. gxf3 Bxc3 12. Qxc3 e6 13. O-O-O exd5 14.
Rxd5 Qh4 15. Rc5 Qxf2 16. h4 b6 17. Rg5 c5 18. h5 Qd4 19. hxg6 Qxc3+ 20. bxc3
hxg6 21. Bc4 Kg7 22. Bd5 Rb8 23. f4 Kf6 24. c4 Be6 25. Rd1 Rbd8 26. Rf1 Rfe8 27.
Re1 Rh8 28. Re2 Rh4 29. Bxe6 Kxe6 30. Rd5 Rxd5 31. cxd5+ Kd6 32. Rf2 f5 33. e5+
Kxd5 34. Rd2+ Ke6 35. Rd6+ Ke7 36. Rxg6 Rxf4 37. Rf6 Rc4+ 38. Kb2 f4 39. Rh6 f3
40. Rf6 Re4 41. Rxf3 Rxe5 42. Ra3 a5 43. Rb3 Re6 44. a4 Kd7 45. Rh3 Kc6 46. Rh4
Kd5 47. Kc3 Re3+ 48. Kc2 c4 49. Rh6 Rb3 50. Rh8 Rb4 51. Rh6 Kc5 52. Rh5+ Kc6 53.
Kc3 Rxa4 54. Kd4 Rb4 55. Kc3 Kb7 56. Rg5 Ka6 57. Kd4 Rb5 0-1

[Event "WYCC U16 Open 2013"]
[Site "Al-Ain UAE"]
[Date "2013.12.26"]
[Round "9.34"]
[White "Chandran, Kapil"]
[Black "Valkama, Eero"]
[Result "1-0"]
[WhiteElo "2171"]
[BlackElo "1960"]
[WhiteFideId "2034077"]
[BlackFideId "507555"]
[EventDate "2013.12.18"]

1. e4 c6 2. d4 d5 3. f3 g6 4. Nc3 Bg7 5. Be3 Qb6 6. Qd2 Qxb2 7. Rb1 Qa3 8. exd5
Nf6 9. dxc6 bxc6 10. Bc4 Nbd7 11. Nge2 Nb6 12. Bb3 O-O 13. O-O Ba6 14. Qe1 Nbd5
15. Bc1 Qd6 16. Na4 Nd7 17. c4 Nc7 18. Qf2 Ne6 19. Be3 Nf6 20. Rfd1 c5 21. d5
Nd4 22. Nxd4 cxd4 23. Bxd4 Qc7 24. Rbc1 Nd7 25. Bxg7 Kxg7 26. c5 Bb5 27. d6 exd6
28. cxd6 Qa5 29. Nc3 Rac8 30. Qd4+ Kg8 31. Nd5 1-0

[Event "WYCC U16 Open 2013"]
[Site "Al-Ain UAE"]
[Date "2013.12.26"]
[Round "9.35"]
[White "Jumanov, Elbek"]
[Black "Percivaldi, Martin"]
[Result "1-0"]
[WhiteElo "2019"]
[BlackElo "2169"]
[WhiteFideId "14202905"]
[BlackFideId "1508148"]
[EventDate "2013.12.18"]

1. Nf3 d5 2. d4 Nf6 3. c4 c6 4. g3 Bf5 5. Nbd2 e6 6. Bg2 h6 7. O-O Nbd7 8. b3
Be7 9. Bb2 O-O 10. Re1 Bh7 11. Ne5 a5 12. e4 a4 13. Nxd7 Qxd7 14. e5 Ne8 15. c5
b6 16. b4 Qb7 17. Bc3 bxc5 18. dxc5 d4 19. Bxd4 Qxb4 20. Ne4 Bxe4 21. Rxe4 Rd8
22. Qe1 Qb7 23. Qa5 Ra8 24. Qb6 Qc8 25. Rb1 Bd8 26. Qb7 Qxb7 27. Rxb7 Nc7 28.
Re2 Nb5 29. Rxb5 Ra6 30. Rb8 a3 31. Re3 Ra4 32. Rd3 Rc4 33. Bxc6 Be7 34. Rxf8+
Bxf8 35. Bf3 Bxc5 36. Bxc5 Rxc5 37. Rxa3 Rxe5 38. Ra8+ Kh7 39. a4 1-0